00518nam a22001817a 450000500170000000800410001702000180005804000210007604100080009708200130010510000270011824500830014525000120022826000340024030000100027465000240028470000280030820250915095027.0250915b |||||||| |||| 00| 0 eng d a9788198983404 aIN-DiNCcIN-DiNC deng a880bNEO aNeog, Biswajiteauthor a European classical literature (Major10)/cby Biswajit Neog and Kakoli Kashyap a1st ed. aJorhat:bBidya bhawan,c2025. a264p. aEuropean literature aKashyap, Kakolieauthor